[Event "XIV. DBMM Schach"]
[Site "Dresden"]
[Date "2014.11.20"]
[Round "1.1"]
[White "Gohil, Harry"]
[Black "Ungerer, Markus"]
[Result "1-0"]
[WhiteElo "2322"]
[BlackElo "2125"]
[Annotator "br"]
[PlyCount "87"]
[EventDate "2014.??.??"]
[EventType "team-swiss"]
[EventRounds "7"]
[EventCountry "GER"]
[Source "FV Schach e.V."]
[SourceDate "2015.07.06"]
[WhiteTeam "BSG Commerzbank Frankfurt"]
[BlackTeam "W&W"]
[WhiteTeamCountry "GER"]
[BlackTeamCountry "GER"]

1. d4 d5 2. Nf3 Nf6 3. e3 Bg4 4. c4 Bxf3 5. Qxf3 e6 6. Nc3 c6 7. Bd3 Be7 8. O-O
O-O 9. Rd1 Nbd7 10. e4 dxc4 11. Bxc4 Qa5 12. e5 Nd5 13. Qg3 Nxc3 14. bxc3 Rfd8
15. Bh6 Bf8 16. Bd3 g6 17. Bg5 Re8 18. Be4 Bg7 19. h4 Qc7 20. Rab1 Rab8 21. h5
Nf8 22. f4 gxh5 23. Kf2 Ng6 24. f5 exf5 25. Bxf5 Qa5 26. Kg1 Qxa2 27. Re1 Qd5
28. Bc2 c5 29. Bb3 c4 30. Bc2 b5 31. Be4 Qd7 32. Qf3 Rb6 33. Bf5 Qe7 34. Qxh5
a5 35. Re3 Nf8 36. Rh3 h6 37. Be3 Reb8 38. Rf1 b4 39. Rg3 Kh8 40. Be4 Rg6 41.
Rgf3 Qd8 42. Rxf7 Rg5 43. Rxf8+ Bxf8 44. Rxf8+ 1-0

[Event "XIV. DBMM Schach"]
[Site "Dresden"]
[Date "2014.11.20"]
[Round "1.2"]
[White "Peck, Malcolm"]
[Black "Hilbig, Olaf"]
[Result "0-1"]
[WhiteElo "1684"]
[BlackElo "2167"]
[Annotator "br"]
[PlyCount "70"]
[EventDate "2014.??.??"]
[EventType "team-swiss"]
[EventRounds "7"]
[EventCountry "GER"]
[Source "FV Schach e.V."]
[SourceDate "2015.07.06"]
[WhiteTeam "W&W"]
[BlackTeam "BSG Commerzbank Frankfurt"]
[WhiteTeamCountry "GER"]
[BlackTeamCountry "GER"]

1. d4 Nf6 2. c4 d6 3. Nc3 g6 4. e4 Bg7 5. Nf3 O-O 6. Be2 Nbd7 7. O-O e5 8. d5
Nc5 9. Qc2 a5 10. Ne1 Qe7 11. f3 Nh5 12. Nd3 b6 13. Be3 Bd7 14. Rad1 Rae8 15.
Qd2 f5 16. exf5 gxf5 17. Bg5 Qf7 18. g4 Nf4 19. Nxf4 exf4 20. Bxf4 fxg4 21.
fxg4 Qg6 22. h3 h5 23. Bd3 Nxd3 24. Qxd3 Bf5 25. Qg3 hxg4 26. hxg4 Qxg4 27. Rd3
Qh5 28. Rd2 Re7 29. Rdf2 Qg6 30. Qxg6 Bxg6 31. Rg2 Bd4+ 32. Kh1 Rh7+ 33. Rh2
Bxc3 34. bxc3 Be4+ 35. Kg1 Rg7+ 0-1

[Event "XIV. DBMM Schach"]
[Site "Dresden"]
[Date "2014.11.20"]
[Round "1.3"]
[White "Fischer, Alexander"]
[Black "Uhlarz, Joerg"]
[Result "1-0"]
[WhiteElo "2038"]
[BlackElo "1743"]
[Annotator "br"]
[PlyCount "43"]
[EventDate "2014.??.??"]
[EventType "team-swiss"]
[EventRounds "7"]
[EventCountry "GER"]
[Source "FV Schach e.V."]
[SourceDate "2015.07.06"]
[WhiteTeam "BSG Commerzbank Frankfurt"]
[BlackTeam "W&W"]
[WhiteTeamCountry "GER"]
[BlackTeamCountry "GER"]

1. d4 f5 2. Bg5 Nf6 3. Bxf6 exf6 4. e3 d5 5. Bd3 Be6 6. Ne2 Bd6 7. Nd2 Nd7 8.
c4 Bb4 9. cxd5 Bxd2+ 10. Qxd2 Bxd5 11. Nf4 Nb6 12. Bxf5 g5 13. Nxd5 Qxd5 14. e4
Qd6 15. O-O h5 16. Rfe1 Rd8 17. e5 Qxd4 18. exf6+ Kf7 19. Qxg5 Rdg8 20. Be6+
Kf8 21. Bxg8 Qd7 22. Re7 1-0

[Event "XIV. DBMM Schach"]
[Site "Dresden"]
[Date "2014.11.20"]
[Round "1.4"]
[White "Nitsch, Norbert"]
[Black "Lutterbey, Ralf"]
[Result "0-1"]
[WhiteElo "1739"]
[BlackElo "1903"]
[Annotator "br"]
[PlyCount "58"]
[EventDate "2014.??.??"]
[EventType "team-swiss"]
[EventRounds "7"]
[EventCountry "GER"]
[Source "FV Schach e.V."]
[SourceDate "2015.07.06"]
[WhiteTeam "W&W"]
[BlackTeam "BSG Commerzbank Frankfurt"]
[WhiteTeamCountry "GER"]
[BlackTeamCountry "GER"]

1. c4 d5 2. d4 e6 3. Nc3 Nf6 4. Nf3 a6 5. e3 Be7 6. a3 O-O 7. Bd2 dxc4 8. Bxc4
b5 9. Ba2 Bb7 10. O-O Nbd7 11. Ng5 h6 12. Nf3 c5 13. dxc5 Nxc5 14. b4 Nce4 15.
Nd4 Rc8 16. Rc1 Qb6 17. Qe2 Rfd8 18. Rfd1 Nxd2 19. Rxd2 Ne4 20. Rdc2 Nxc3 21.
Rxc3 Rxc3 22. Rxc3 Bf6 23. Bb3 Bxd4 24. exd4 Qxd4 25. Qe1 Bd5 26. Bxd5 Rxd5 27.
Kf1 g6 28. Qc1 Kg7 29. Rc6 Qd3+ 0-1

[Event "XIV. DBMM Schach"]
[Site "Dresden"]
[Date "2014.11.20"]
[Round "1.1"]
[White "Schroeder, Kai Uwe"]
[Black "Schmitzer, Klaus"]
[Result "0-1"]
[WhiteElo "1858"]
[BlackElo "2271"]
[Annotator "br"]
[PlyCount "34"]
[EventDate "2014.??.??"]
[EventType "team-swiss"]
[EventRounds "7"]
[EventCountry "GER"]
[Source "FV Schach e.V."]
[SourceDate "2015.07.06"]
[WhiteTeam "Transit Hamburg II"]
[BlackTeam "AGI Frankfurt"]
[WhiteTeamCountry "GER"]
[BlackTeamCountry "GER"]

1. e4 c6 2. d4 d5 3. Nc3 dxe4 4. Nxe4 Nf6 5. Nxf6+ gxf6 6. c3 Bf5 7. Nf3 Nd7 8.
Be3 Nb6 9. Qd2 Nd5 10. Bh6 Bxh6 11. Qxh6 Qb6 12. Qd2 O-O-O 13. Nh4 Be4 14. f3
Bg6 15. Nxg6 hxg6 16. O-O-O e5 17. dxe5 Ne3 0-1

[Event "XIV. DBMM Schach"]
[Site "Dresden"]
[Date "2014.11.20"]
[Round "1.2"]
[White "Hoffmann, Frank"]
[Black "Figger, Udo"]
[Result "0-1"]
[WhiteElo "1468"]
[BlackElo "1906"]
[Annotator "br"]
[PlyCount "70"]
[EventDate "2014.??.??"]
[EventType "team-swiss"]
[EventRounds "7"]
[EventCountry "GER"]
[Source "FV Schach e.V."]
[SourceDate "2015.07.06"]
[WhiteTeam "AGI Frankfurt"]
[BlackTeam "Transit Hamburg II"]
[WhiteTeamCountry "GER"]
[BlackTeamCountry "GER"]

1. e4 a6 2. d4 b5 3. a3 Bb7 4. Bd3 Nf6 5. Nc3 e6 6. Nf3 c5 7. e5 Nd5 8. Nxd5
Bxd5 9. c3 Nc6 10. Be3 Qb6 11. Be2 Rc8 12. b4 cxb4 13. cxb4 Be7 14. O-O O-O 15.
Rc1 Rc7 16. h3 Rfc8 17. Nh2 a5 18. Bf3 axb4 19. Bxd5 exd5 20. axb4 Nxb4 21.
Rxc7 Rxc7 22. Qa1 Ra7 23. Qc3 Nc6 24. Nf3 Ra3 25. Qb2 Na5 26. Rb1 Rb3 27. Qa2
Rxb1+ 28. Qxb1 Nc4 29. Qa1 Qb7 30. Kf1 b4 31. Nd2 b3 32. Nb1 b2 33. Qa2 Na3 34.
Ke2 Qa6+ 35. Kd2 Nc4+ 0-1

[Event "XIV. DBMM Schach"]
[Site "Dresden"]
[Date "2014.11.20"]
[Round "1.4"]
[White "Buescher, Henrik"]
[Black "Rulfs, Ernst August"]
[Result "1-0"]
[WhiteElo "2112"]
[BlackElo "1598"]
[Annotator "br"]
[PlyCount "81"]
[EventDate "2014.??.??"]
[EventType "team-swiss"]
[EventRounds "7"]
[EventCountry "GER"]
[Source "FV Schach e.V."]
[SourceDate "2015.07.06"]
[WhiteTeam "AGI Frankfurt"]
[BlackTeam "Transit Hamburg II"]
[WhiteTeamCountry "GER"]
[BlackTeamCountry "GER"]

1. d4 Nf6 2. e3 g6 3. f4 Bg7 4. Nf3 d6 5. c3 c5 6. Bc4 O-O 7. O-O Bg4 8. Qe1
Nc6 9. Qh4 Bxf3 10. Rxf3 cxd4 11. exd4 Qb6 12. f5 Ne5 13. fxg6 Nxf3+ 14. gxf3
hxg6 15. Nd2 e5 16. a4 a5 17. Ra3 Nh5 18. Rb3 Qa7 19. Bd5 exd4 20. Rxb7 Qc5 21.
c4 d3+ 22. Kh1 Qe3 23. Re7 Be5 24. Bxa8 Rxa8 25. Qe4 Qe2 26. Qxa8+ Kg7 27. Rxe5
dxe5 28. Qe4 Qd1+ 29. Kg2 Nf4+ 30. Kf2 f6 31. Qe1 Qxa4 32. Ne4 Nh3+ 33. Kg2 Qd7
34. Qh4 Nf4+ 35. Bxf4 exf4 36. Qxf6+ Kg8 37. Qxg6+ Qg7 38. Qxg7+ Kxg7 39. Kf2
Kf7 40. Ke1 Ke6 41. Kd2 1-0

[Event "XIV. DBMM Schach"]
[Site "Dresden"]
[Date "2014.11.20"]
[Round "1.1"]
[White "Schildt, Rene"]
[Black "Raum, Norbert"]
[Result "1-0"]
[WhiteElo "2073"]
[BlackElo "1816"]
[Annotator "br"]
[PlyCount "79"]
[EventDate "2014.??.??"]
[EventType "team-swiss"]
[EventRounds "7"]
[EventCountry "GER"]
[Source "FV Schach e.V."]
[SourceDate "2015.07.06"]
[WhiteTeam "BA Tempelhof Berlin"]
[BlackTeam "Baubehoerde Hamburg II"]
[WhiteTeamCountry "GER"]
[BlackTeamCountry "GER"]

1. e4 b6 2. d4 Bb7 3. Nc3 e6 4. Nf3 Bb4 5. Bd3 d5 6. e5 c5 7. O-O Bxc3 8. bxc3
c4 9. Be2 Ne7 10. Ng5 O-O 11. Nh3 Nbc6 12. Nf4 Ng6 13. Nh5 f6 14. f4 f5 15. Rf3
Rf7 16. Rg3 Nce7 17. Ba3 Rc8 18. Qe1 Kh8 19. Rh3 Ng8 20. Qg3 Nh6 21. Nf6 gxf6
22. Rxh6 Rg7 23. exf6 Qxf6 24. Bd6 Rcg8 25. Bf1 e5 26. fxe5 Qe6 27. Qg5 Bc8 28.
Qf6 Nf4 29. g3 Qxf6 30. exf6 Rg6 31. Bxf4 Rf8 32. Rxg6 hxg6 33. Re1 Kg8 34. Bg5
Bd7 35. Re7 Ba4 36. Bg2 Bc6 37. Rc7 Ba8 38. Rxa7 Bc6 39. Rg7+ Kh8 40. Rxg6 1-0

[Event "XIV. DBMM Schach"]
[Site "Dresden"]
[Date "2014.11.20"]
[Round "1.2"]
[White "Hoffeins, Hans Werner"]
[Black "Feikes, Joerg"]
[Result "1/2-1/2"]
[WhiteElo "1791"]
[BlackElo "1968"]
[Annotator "br"]
[PlyCount "60"]
[EventDate "2014.??.??"]
[EventType "team-swiss"]
[EventRounds "7"]
[EventCountry "GER"]
[Source "FV Schach e.V."]
[SourceDate "2015.07.06"]
[WhiteTeam "Baubehoerde Hamburg II"]
[BlackTeam "BA Tempelhof Berlin"]
[WhiteTeamCountry "GER"]
[BlackTeamCountry "GER"]

1. e4 e5 2. Nf3 Nc6 3. d3 Nf6 4. Be2 Bc5 5. O-O d6 6. c3 a6 7. Nbd2 Ba7 8. Nc4
Be6 9. Ne3 Ne7 10. Re1 O-O 11. h3 Ng6 12. Nf1 c6 13. Be3 d5 14. Bxa7 Rxa7 15.
Ng3 b5 16. a4 dxe4 17. dxe4 Qb8 18. axb5 Rd8 19. Qa4 cxb5 20. Bxb5 Rb7 21. Bf1
Rxb2 22. Qxa6 h6 23. Qa7 Qb3 24. Qe3 Bc4 25. Bxc4 Qxc4 26. Rad1 Rxd1 27. Rxd1
Rc2 28. Rc1 Rxc1+ 29. Qxc1 Nxe4 30. Nxe4 Qxe4 1/2-1/2

[Event "XIV. DBMM Schach"]
[Site "Dresden"]
[Date "2014.11.20"]
[Round "1.3"]
[White "Kettenburg, Stefan"]
[Black "Hartmann, Jens"]
[Result "1/2-1/2"]
[WhiteElo "2063"]
[BlackElo "1600"]
[Annotator "br"]
[PlyCount "110"]
[EventDate "2014.??.??"]
[EventType "team-swiss"]
[EventRounds "7"]
[EventCountry "GER"]
[Source "FV Schach e.V."]
[SourceDate "2015.07.06"]
[WhiteTeam "BA Tempelhof Berlin"]
[BlackTeam "Baubehoerde Hamburg II"]
[WhiteTeamCountry "GER"]
[BlackTeamCountry "GER"]

1. d4 Nf6 2. c4 b6 3. Nc3 Bb7 4. f3 g6 5. e4 d6 6. Bd3 Nbd7 7. Nge2 Bg7 8. O-O
e5 9. Bg5 h6 10. Be3 Qe7 11. Nd5 Nxd5 12. cxd5 a6 13. Rc1 Rc8 14. Qd2 exd4 15.
Nxd4 Ne5 16. Be2 Nd7 17. b4 Ne5 18. Rc2 Nd7 19. Rfc1 Nb8 20. Bd3 h5 21. f4 O-O
22. f5 Rfe8 23. fxg6 fxg6 24. Ne6 c5 25. Bg5 Bf6 26. Bxf6 Qxf6 27. Rf1 Qe5 28.
Qh6 Rxe6 29. dxe6 Qxe6 30. Rcf2 Nd7 31. Bc4 d5 32. Bxd5 Bxd5 33. exd5 Qe8 34.
Qd2 c4 $11 35. Re2 Qd8 36. Qc2 Nf8 37. Ref2 Qg5 38. d6 b5 39. Qc3 Re8 40. Rf7
Ne6 41. d7 Rd8 42. Qe1 Qd5 43. Qg3 Qd4+ 44. Kh1 g5 45. Qh3 Nf4 46. Qf5 Qd3 47.
Qxg5+ Kxf7 48. Qxf4+ Ke6 49. Qf7+ Kd6 50. Re1 Rxd7 $11 51. Qxh5 Kc6 52. Qc5+
Kb7 53. h3 Rc7 54. Qh5 $11 c3 55. Rd1 Qc4 1/2-1/2

[Event "XIV. DBMM Schach"]
[Site "Dresden"]
[Date "2014.11.20"]
[Round "1.4"]
[White "Hein, Andrea"]
[Black "Baranowsky, Peter"]
[Result "0-1"]
[WhiteElo "1430"]
[BlackElo "2009"]
[Annotator "br"]
[PlyCount "80"]
[EventDate "2014.??.??"]
[EventType "team-swiss"]
[EventRounds "7"]
[EventCountry "GER"]
[Source "FV Schach e.V."]
[SourceDate "2015.07.06"]
[WhiteTeam "Baubehoerde Hamburg II"]
[BlackTeam "BA Tempelhof Berlin"]
[WhiteTeamCountry "GER"]
[BlackTeamCountry "GER"]

1. d4 d5 2. c4 c6 3. Nf3 e6 4. e3 Nf6 5. Nc3 Nbd7 6. a3 a5 7. Be2 dxc4 8. Bxc4
b5 9. Be2 Bb7 10. O-O Bd6 11. h3 O-O 12. e4 e5 13. Bg5 b4 14. Bxf6 Qxf6 15.
axb4 axb4 16. Na4 exd4 17. Qxd4 Ne5 18. Nxe5 Qxe5 19. Qxe5 Bxe5 20. Ra2 Bxb2
21. Rxb2 Rxa4 22. Rfb1 c5 23. f3 Rfa8 24. Kf2 Kf8 25. Rc1 Ra2 26. Rcb1 Ke7 27.
Ke3 R2a3+ 28. Kd2 Rc3 29. Ke1 f6 30. Bb5 Ra5 31. Be2 Bc8 32. Rb3 Rxb3 33. Rxb3
Be6 34. Rb1 b3 35. Kd1 Ra2 36. Bf1 Kd6 37. Kc1 Rc2+ 38. Kd1 c4 39. g3 Ra2 40.
Kc1 Rf2 0-1

[Event "XIV. DBMM Schach"]
[Site "Dresden"]
[Date "2014.11.20"]
[Round "1.1"]
[White "Bumes, Konrad"]
[Black "Hohlfeld, Wolfgang"]
[Result "1/2-1/2"]
[WhiteElo "1848"]
[BlackElo "2102"]
[Annotator "br"]
[PlyCount "113"]
[EventDate "2014.??.??"]
[EventType "team-swiss"]
[EventRounds "7"]
[EventCountry "GER"]
[Source "FV Schach e.V."]
[SourceDate "2015.07.06"]
[WhiteTeam "EPA Muenchen II"]
[BlackTeam "Baubehoerde Hamburg"]
[WhiteTeamCountry "GER"]
[BlackTeamCountry "GER"]

1. d4 d5 2. c4 dxc4 3. Nf3 Nf6 4. Nc3 c6 5. a4 Bf5 6. e3 e6 7. Bxc4 Bb4 8. O-O
Nbd7 9. Bd2 O-O 10. Re1 Bg6 11. Ne4 Bxd2 12. Nxf6+ Qxf6 13. Qxd2 e5 14. dxe5
Nxe5 15. Nxe5 Qxe5 16. Rad1 h6 17. Qd6 Qh5 18. Rd4 Kh7 19. Red1 Qa5 20. Qa3
Rad8 21. b4 Rxd4 $11 22. Rxd4 Qe5 23. Bd3 Bxd3 24. Qxd3+ g6 25. g3 Re8 26. Rd7
Re7 27. Rxe7 Qxe7 28. Qd4 h5 29. h4 a6 30. e4 Qe6 31. a5 Qe7 32. e5 Qe6 33. Qd6
Qc4 34. Qe7 Qe6 35. Qxb7 Qxe5 36. Qxf7+ Kh6 37. Qf4+ Qxf4 38. gxf4 Kg7 39. Kg2
Kf6 40. Kg3 Ke6 41. Kf3 Kf5 42. Ke3 Kg4 43. Ke4 Kxh4 44. f5 Kg5 45. fxg6 Kxg6
46. Kf4 Kf6 47. Kg3 Kg5 48. Kh3 h4 49. f3 Kf4 50. Kxh4 Kxf3 51. Kg5 Ke4 52. Kf6
Kd5 53. Ke7 Kc4 54. Kd7 Kb5 55. Kd6 Kxb4 56. Kxc6 Kxa5 57. Kc5 1/2-1/2

[Event "XIV. DBMM Schach"]
[Site "Dresden"]
[Date "2014.11.20"]
[Round "1.2"]
[White "Hein, Ralf"]
[Black "Santos, Paulo"]
[Result "1-0"]
[WhiteElo "2047"]
[BlackElo "1800"]
[Annotator "br"]
[PlyCount "111"]
[EventDate "2014.??.??"]
[EventType "team-swiss"]
[EventRounds "7"]
[EventCountry "GER"]
[Source "FV Schach e.V."]
[SourceDate "2015.07.06"]
[WhiteTeam "Baubehoerde Hamburg"]
[BlackTeam "EPA Muenchen II"]
[WhiteTeamCountry "GER"]
[BlackTeamCountry "GER"]

1. d4 Nf6 2. Bf4 g6 3. Nf3 Bg7 4. Nbd2 d5 5. e3 O-O 6. Be2 c5 7. O-O Nc6 8. c3
cxd4 9. exd4 Qb6 10. Qb3 Qxb3 11. Nxb3 b6 12. a4 Bf5 13. Bb5 Rfc8 14. Ba6 Bc2
15. Bxc8 Rxc8 16. Nfd2 Nh5 17. Be3 Nf6 18. f3 h5 19. Rfc1 Bd3 20. a5 b5 21. Nc5
Bf5 22. b4 Nd7 23. a6 e5 24. Nxd7 Bxd7 25. Nb3 Bf5 26. dxe5 Bxe5 27. Nd4 Bd7
28. Nxb5 Nxb4 29. Nxa7 Rxc3 30. Rxc3 Bxc3 31. Ra5 d4 32. Bg5 d3 33. Nb5 Bxb5
34. Rxb5 Nxa6 35. Rd5 Nb4 36. Rd8+ Kg7 37. Be7 d2 38. Bxb4 Bxb4 39. Kf1 g5 40.
Ke2 f6 41. Kd1 Kg6 42. Kc2 Ba5 43. Rd5 Bc7 44. g3 h4 45. gxh4 Bxh2 46. Rxd2 Bg3
47. hxg5 Kxg5 48. Rd4 Kf5 49. Kd3 Bc7 50. Rb4 Bh2 51. Ke2 Ke6 52. Ke3 Kf5 53.
Rb5+ Ke6 54. f4 f5 55. Rb1 Bg3 56. Rh1 1-0

[Event "XIV. DBMM Schach"]
[Site "Dresden"]
[Date "2014.11.20"]
[Round "1.3"]
[White "Lange, Ronny"]
[Black "Kaliski, Achim"]
[Result "1-0"]
[WhiteElo "1693"]
[BlackElo "1976"]
[Annotator "br"]
[PlyCount "73"]
[EventDate "2014.??.??"]
[EventType "team-swiss"]
[EventRounds "7"]
[EventCountry "GER"]
[Source "FV Schach e.V."]
[SourceDate "2015.07.06"]
[WhiteTeam "EPA Muenchen II"]
[BlackTeam "Baubehoerde Hamburg"]
[WhiteTeamCountry "GER"]
[BlackTeamCountry "GER"]

1. e4 e5 2. Nf3 Nf6 3. Nc3 Nc6 4. Bc4 Bc5 5. O-O h6 6. d3 Na5 7. Nxe5 O-O 8. a3
d6 9. Bxf7+ Rxf7 10. Nxf7 Kxf7 11. b4 Bd4 12. Qe1 Nc6 13. Be3 Qe7 14. Bxd4 Nxd4
15. Qd2 b6 16. Rae1 Bb7 17. f4 Rf8 18. Ne2 Nxe2+ 19. Qxe2 Kg8 20. e5 dxe5 21.
fxe5 Nd7 22. Rxf8+ Nxf8 23. d4 Ne6 24. Qc4 Kh8 25. d5 Qg5 26. Qe4 Nf4 27. c4 b5
28. Rf1 Ng6 29. h4 Qh5 30. c5 Qxe5 31. Qxg6 Qd4+ 32. Rf2 Bxd5 33. Qg3 Kh7 34.
Kh2 c6 35. Rf8 a5 36. h5 Be4 37. Qb8 1-0

[Event "XIV. DBMM Schach"]
[Site "Dresden"]
[Date "2014.11.20"]
[Round "1.2"]
[White "Brethauer, Tim"]
[Black "Scholvin, Erich"]
[Result "1/2-1/2"]
[WhiteElo "1641"]
[BlackElo "2105"]
[Annotator "br"]
[PlyCount "51"]
[EventDate "2014.??.??"]
[EventType "team-swiss"]
[EventRounds "7"]
[EventCountry "GER"]
[Source "FV Schach e.V."]
[SourceDate "2015.07.06"]
[WhiteTeam "Sparkassen-Vers. Stuttgart II"]
[BlackTeam "SV RAPID Unilever Hamburg"]
[WhiteTeamCountry "GER"]
[BlackTeamCountry "GER"]

1. e4 e6 2. d4 d5 3. exd5 exd5 4. Nf3 c6 5. Bd3 Bd6 6. O-O Ne7 7. Bg5 Bg4 8. c3
Nd7 9. Nbd2 Qc7 10. Qc2 f6 11. Bh4 O-O-O 12. a4 g5 13. Bg3 Bxg3 14. fxg3 h5 15.
b4 h4 16. gxh4 Bxf3 17. Rxf3 Rxh4 18. Nf1 Rdh8 19. g3 R4h6 20. Re1 Kd8 21. Rfe3
Nc8 22. Qe2 Qd6 23. Re8+ Kc7 24. Rxh8 Rxh8 25. Bf5 Rd8 26. Qg4 1/2-1/2

[Event "XIV. DBMM Schach"]
[Site "Dresden"]
[Date "2014.11.20"]
[Round "1.1"]
[White "Koerlin, Hans Juergen"]
[Black "Blum, Norbert"]
[Result "0-1"]
[WhiteElo "1863"]
[BlackElo "2009"]
[Annotator "br"]
[PlyCount "62"]
[EventDate "2014.??.??"]
[EventType "team-swiss"]
[EventRounds "7"]
[EventCountry "GER"]
[Source "FV Schach e.V."]
[SourceDate "2015.07.06"]
[WhiteTeam "BA Tempelhof Berlin II"]
[BlackTeam "Sparkassen-Vers. Stuttgart"]
[WhiteTeamCountry "GER"]
[BlackTeamCountry "GER"]

1. e4 e6 2. d4 d5 3. Nd2 dxe4 4. Nxe4 Nd7 5. Bd3 Ngf6 6. Qe2 c5 7. Nf3 cxd4 8.
Nxd4 Nxe4 9. Qxe4 Nc5 10. Bb5+ Bd7 11. Qe2 a6 12. Bc4 b5 13. Bb3 Be7 14. O-O
O-O 15. Rd1 Qc7 16. c3 Nxb3 17. axb3 Bd6 18. Qh5 g6 19. Qh4 f6 20. Be3 e5 21.
Nf3 Bc6 22. Qh3 Bd7 23. Qh6 Be6 24. b4 Rfc8 25. Qh4 Be7 26. Ne1 Qb7 27. Nd3 Rc4
28. Qg3 Rg4 29. Qh3 Bf5 30. Nc5 Bxc5 31. Bxc5 Rg5 0-1

[Event "XIV. DBMM Schach"]
[Site "Dresden"]
[Date "2014.11.20"]
[Round "1.2"]
[White "Marten, Gero"]
[Black "Quast, Michael"]
[Result "1/2-1/2"]
[WhiteElo "2010"]
[BlackElo "1723"]
[Annotator "br"]
[PlyCount "60"]
[EventDate "2014.??.??"]
[EventType "team-swiss"]
[EventRounds "7"]
[EventCountry "GER"]
[Source "FV Schach e.V."]
[SourceDate "2015.07.06"]
[WhiteTeam "Sparkassen-Vers. Stuttgart"]
[BlackTeam "BA Tempelhof Berlin II"]
[WhiteTeamCountry "GER"]
[BlackTeamCountry "GER"]

1. Nf3 b6 2. g3 Bb7 3. Bg2 f5 4. O-O Nf6 5. d3 e6 6. Nbd2 Be7 7. Re1 O-O 8. e4
fxe4 9. Ng5 Ng4 10. Qxg4 Bxg5 11. Nxe4 Bxc1 12. Raxc1 Na6 13. Re2 Rb8 14. Rce1
Nc5 15. d4 Nxe4 $11 16. Bxe4 Bxe4 17. Rxe4 Qf6 18. f4 g6 19. c3 h5 20. Qe2 Kg7
21. h4 c6 22. Re5 b5 23. Qd3 Rbe8 24. Qe4 a6 25. Kg2 a5 26. Re2 a4 27. Rg5 Qf7
28. Qe5+ Kh6 29. Qd6 Qe7 $11 30. Qe5 Rf5 1/2-1/2

[Event "XIV. DBMM Schach"]
[Site "Dresden"]
[Date "2014.11.20"]
[Round "1.3"]
[White "Bockelmann, Rolf"]
[Black "Bischoff, Ulrich"]
[Result "0-1"]
[WhiteElo "1709"]
[BlackElo "2107"]
[Annotator "br"]
[PlyCount "124"]
[EventDate "2014.??.??"]
[EventType "team-swiss"]
[EventRounds "7"]
[EventCountry "GER"]
[Source "FV Schach e.V."]
[SourceDate "2015.07.06"]
[WhiteTeam "BA Tempelhof Berlin II"]
[BlackTeam "Sparkassen-Vers. Stuttgart"]
[WhiteTeamCountry "GER"]
[BlackTeamCountry "GER"]

1. e4 c5 2. d4 cxd4 3. c3 d3 4. Bxd3 Nc6 5. Nf3 d6 6. h3 Nf6 7. O-O e6 8. Qe2
Be7 9. Rd1 Qc7 10. Bg5 O-O 11. a3 Re8 12. c4 h6 13. Bf4 Nd7 14. Nc3 a6 15. Rac1
b6 16. Bb1 Qb8 17. Qd3 Nde5 18. Nxe5 Nxe5 19. Qe2 Ra7 20. Be3 Rc7 21. Na4 Nd7
22. Qg4 Kh8 23. Qh5 Kg8 24. Qg4 Kf8 25. Qh5 Nf6 26. Qe2 Rb7 27. Qd2 Bd7 28. Nc3
Rc8 29. Qd3 Rbc7 30. Na4 Bxa4 31. b3 Bc6 32. f3 Kg8 33. Qd2 Bf8 34. Qf2 e5 35.
Qh4 Nh7 36. Qg3 Kh8 37. f4 Nf6 38. Qf3 Qb7 39. fxe5 dxe5 40. Qg3 Re8 41. Qh4
Bc5 42. Re1 Rd7 43. Kh2 Bxa3 44. Rc2 Bxe4 45. Rf2 Bxb1 46. Rxf6 Be7 47. Rxh6+
gxh6 48. Qxh6+ Bh7 49. Rf1 Bc5 50. Qf6+ Kg8 51. Bh6 Bf8 52. Be3 Bg7 53. Qf2 Re6
54. Qh4 Rd3 55. Rf3 Qe4 56. Qf2 Bg6 57. Rg3 Red6 58. Rf3 Rxb3 59. Qg3 Rdd3 60.
Qg5 Rxe3 61. Rxe3 Qxe3 62. Qd8+ Kh7 0-1

[Event "XIV. DBMM Schach"]
[Site "Dresden"]
[Date "2014.11.20"]
[Round "1.4"]
[White "Lau, Peter"]
[Black "Warnest, Stefan"]
[Result "1/2-1/2"]
[WhiteElo "1824"]
[BlackElo "1424"]
[Annotator "br"]
[PlyCount "35"]
[EventDate "2014.??.??"]
[EventType "team-swiss"]
[EventRounds "7"]
[EventCountry "GER"]
[Source "FV Schach e.V."]
[SourceDate "2015.07.06"]
[WhiteTeam "Sparkassen-Vers. Stuttgart"]
[BlackTeam "BA Tempelhof Berlin II"]
[WhiteTeamCountry "GER"]
[BlackTeamCountry "GER"]

1. e4 c6 2. d4 d5 3. Nc3 dxe4 4. Nxe4 Bf5 5. Ng3 Bg6 6. h4 h6 7. h5 Bh7 8. Nf3
Nd7 9. Bd3 Bxd3 10. Qxd3 e6 11. Bd2 Qc7 12. O-O-O Ngf6 13. Ne4 O-O-O 14. c4 c5
15. d5 exd5 16. cxd5 Ne5 17. Nxe5 Qxe5 18. Nxf6 1/2-1/2

[Event "XIV. DBMM Schach"]
[Site "Dresden"]
[Date "2014.11.20"]
[Round "1.1"]
[White "Eskandary, Jahya"]
[Black "Zunk, Olaf"]
[Result "1-0"]
[WhiteElo "2091"]
[BlackElo "1402"]
[Annotator "br"]
[PlyCount "64"]
[EventDate "2014.??.??"]
[EventType "team-swiss"]
[EventRounds "7"]
[EventCountry "GER"]
[Source "FV Schach e.V."]
[SourceDate "2015.07.06"]
[WhiteTeam "Europark Altenberg"]
[BlackTeam "ADAC Muenchen II"]
[WhiteTeamCountry "GER"]
[BlackTeamCountry "GER"]

1. e4 e5 2. Nc3 Nf6 3. Bc4 Be7 4. d3 O-O 5. f4 d6 6. f5 c6 7. Qf3 a5 8. a4 Bd7
9. g4 d5 10. exd5 Nxd5 11. Nxd5 cxd5 12. Bxd5 Nc6 13. c3 Bh4+ 14. Kf1 Rb8 15.
Nh3 h6 16. Rg1 Kh8 17. g5 Bxf5 18. gxh6 g6 19. Ng5 Qf6 20. Be4 Ne7 21. Rg4 Bxg5
22. Bxg5 Qd6 23. Bxe7 Qxe7 24. Bxf5 gxf5 25. Qxf5 Rg8 26. h3 Rbf8 27. Re1 Rg6
28. Qxe5+ Qxe5 29. Rxe5 Kh7 30. Rxa5 Kxh6 31. Rb5 Re8 32. Rxg6+ fxg6 1-0

[Event "XIV. DBMM Schach"]
[Site "Dresden"]
[Date "2014.11.20"]
[Round "1.2"]
[White "Lajh, Anton"]
[Black "Schmidt, Gerhard"]
[Result "1/2-1/2"]
[WhiteElo "1530"]
[BlackElo "2116"]
[Annotator "br"]
[PlyCount "57"]
[EventDate "2014.??.??"]
[EventType "team-swiss"]
[EventRounds "7"]
[EventCountry "GER"]
[Source "FV Schach e.V."]
[SourceDate "2015.07.06"]
[WhiteTeam "ADAC Muenchen II"]
[BlackTeam "Europark Altenberg"]
[WhiteTeamCountry "GER"]
[BlackTeamCountry "GER"]

1. e4 c5 2. Bc4 e6 3. Nf3 Nc6 4. a3 g6 5. O-O Bg7 6. Nc3 Nge7 7. Nb5 d5 8. exd5
exd5 9. Ba2 O-O 10. Nc3 Bg4 11. h3 Bxf3 12. Qxf3 Nd4 13. Qd1 b5 14. Ne2 Ndc6
15. c3 a6 16. Re1 Qd7 17. Nf4 Rfe8 18. Qf3 Ne5 19. Qd1 Rad8 20. d4 cxd4 21.
cxd4 N5c6 22. Be3 Qa7 23. Qd3 Bxd4 24. Bxd4 Qxd4 25. Qxd4 Nxd4 26. Rad1 Ndf5
27. Nxd5 Nxd5 28. Rxe8+ Rxe8 29. Bxd5 1/2-1/2